Statistics for Largest Palaces in the World

Click here to take the quiz!

General Stats

  • This quiz has been taken 10 times
  • The average score is 2 of 15

Answer Stats

Square metresAnswer% Correct
150000 (China)Forbidden City
88%
243000 (France)Louvre Palace
63%
110500 (Italy)Quirinal Palace
25%
135000 (Spain)Royal Palace of Madrid
25%
240000 (Austria)Hofburg Palace
13%
143000 (Poland)Malbork Castle
13%
108000 (Egypt)Abdeen Palace
0%
162000 (Vatican City)Apostolic Palace
0%
90000 (Netherlands)Binnenhof
0%
93971 (India)Falaknuma Palace
0%
90082 (Malaysia)Istana Negara
0%
200000 (Brunei)Istana Nurul Iman
0%
134275 (United Arab Emirates)Qasr Al Watan
0%
138000 (Italy)Royal Palace of Casetra
0%
105218 (India)Umaid Bhawan Palace
0%

Score Distribution

Percentile by Number Answered

Percent of People with Each Score

Your Score History

You have not taken this quiz